Chelsea Managers Under Roman Abramovich - Statistics

General Stats
  • This quiz has been taken 147 times
  • The average score is 10 of 15
Answer Stats
Years Manager % Correct
2004-07 José Mourinho
98%
2019-21 Frank Lampard
93%
2021-present Thomas Tuchel
93%
2016-18 Antoio Conte
91%
2012 Roberto Di Matteo
78%
2009-11 Carlo Ancelotti
77%
2018-19 Maurizio Sarri
77%
2011-12 André Villas-Boas
68%
2009 Guus Hiddink
67%
2012-13 Rafael Benítez
62%
2008-09 Luiz Felipe Scolari
60%
2007-08 Avram Grant
58%
2000-04 Claudio Ranieri
58%
2009 Ray Wilkins
25%
2015 Steve Holland
21%
No matching quizzes found
Score Distribution
Percent of People with Each Score
Percentile by Number Answered
Your Score History
You have not taken this quiz